| 000 | 00660cam a2200217 a 4500 | ||
|---|---|---|---|
| 001 | 4886486 | ||
| 005 | 20251030115935.0 | ||
| 008 | 930301s1993 nyua b 000 0 eng c | ||
| 020 |
_a0887376002 : _c$29.95 |
||
| 020 | _a9780887376009 | ||
| 050 | 0 | 0 |
_aRT84.5 _b.P39 1993 |
| 082 | 0 | 0 |
_a610.73/01 _220 |
| 245 | 0 | 0 |
_aPatterns of nursing theories in practice / _cedited by Marilyn E. Parker. |
| 260 |
_aNew York : _bNational League for Nursing Press, _cc1993. |
||
| 300 |
_axvii, 311 p. : _bill. ; _c23 cm. |
||
| 500 | _a"Pub. no. 15-2548." | ||
| 650 | 0 |
_aNursing _xPhilosophy. |
|
| 650 | 2 | _aNursing Theory. | |
| 700 | 1 | _aParker, Marilyn E. | |
| 942 |
_2lcc _cBK _n0 |
||
| 999 |
_c7944 _d7944 |
||